000 00633nam a2200181 i 4500
001 143283
003 ES-MaACL
005 20230906200754.0
007 t|
008 070214s1941 sp r ||||1| spa d
100 0 _aSerra Ràfols, Elías.
_9105653
245 1 4 _aLos portugueses en Canarias
_b: discurso inaugural del año académico 1941-42 /
_cpor el Dr. Elías Serra Ráafols.
260 _aLa Laguna :
_b[s. n.],
_c1941 (
_fImp. Curbelo)
300 _a82 p., 1 lám. ;
_c23 cm.
500 _aPrecede al tít.: Universidad de La Laguna.
710 2 _aUniversidad de La Laguna.
_97194
852 _aES-MaACL
_j1842-F-16
_bR.19368
999 _c143283
_d143283